Computer aided design of gravity and cantilever retaining walls (Record no. 551225)

000 -LEADER
fixed length control field 00437nam a22001457a 4500
082 ## - DEWEY DECIMAL CLASSIFICATION NUMBER
Classification number P-243
100 ## - MAIN ENTRY--PERSONAL NAME
Personal name Capt Tanveer Ahmed Aasir
9 (RLIN) 48220
245 ## - TITLE STATEMENT
Title Computer aided design of gravity and cantilever retaining walls
Statement of responsibility, etc. Capt Tanveer Ahmed Aasir, Capt Zahid Saleem
260 ## - PUBLICATION, DISTRIBUTION, ETC.
Place of publication, distribution, etc. Risalpur
Name of publisher, distributor, etc. MCE
Date of publication, distribution, etc. 2003
300 ## - PHYSICAL DESCRIPTION
Extent vi, 107 p:
526 ## - STUDY PROGRAM INFORMATION NOTE
Program name 0
Interest level 0
Reading level 0
Title point value P_243
650 ## - SUBJECT ADDED ENTRY--TOPICAL TERM
Topical term or geographic name entry element Project
700 ## - ADDED ENTRY--PERSONAL NAME
Personal name Lt Col Zaheer Ahmed
9 (RLIN) 48221
942 ## - ADDED ENTRY ELEMENTS (KOHA)
Source of classification or shelving scheme
Koha item type Book
Holdings
Withdrawn status Lost status Source of classification or shelving scheme Damaged status Not for loan Permanent Location Current Location Date acquired Total Checkouts Full call number Barcode Date last seen Price effective from Koha item type Public note
          Military College of Engineering (MCE) Military College of Engineering (MCE) 12/04/2014   P-243 MCE-P-243 12/04/2014 12/04/2014 Book Project
© 2023 Central Library, National University of Sciences and Technology. All Rights Reserved.